| 000 | 01021nkm a22002297a 4500 | ||
|---|---|---|---|
| 001 | 85800 | ||
| 005 | 20260416170832.0 | ||
| 007 | kh boc | ||
| 008 | 260414s1900 sp ||||| |||| |0| i|spa d | ||
| 040 |
_aM-RABA _bspa _cM-RABA |
||
| 245 | 0 | 1 |
_a[Catedral de Tarragona _b: vista del claustro] _h[Material gráfico] |
| 260 | _c[ca. 1900] | ||
| 300 |
_a1 fotografía _b: albúmina _c; imagen 23 x 17,5 cm _c; soporte secundario 33 x 25 cm |
||
| 500 | 0 | 0 | _aFotografía de vista de uno de los arcos de la fachada del claustro de la Catedral de Tarragona, en Cataluña. |
| 500 | 0 | 0 | _aAnotaciones manuscritas al verso a lápiz: "Cataluña: Tarragona, Claustro de la Catedral, transición" |
| 610 | 2 | 7 |
_aCatedral de Tarragona _950653 |
| 651 | 7 |
_aTarragona _2embne _975568 |
|
| 655 | 0 |
_aFotografías de monumentos _9111580 |
|
| 852 | _jFot-640 | ||
| 856 |
_uhttps://archivoybiblioteca.realacademiabellasartessanfernando.com/cgi-bin/koha/opac-retrieve-file.pl?id=899f775ec76c68ae0580e8554afe061e _yFot-640 |
||
| 942 |
_cFOTOGRAFÍA _n0 |
||
| 999 |
_c85800 _d85800 |
||